Language Quiz

Random Language Quiz
Score 0/14 Timer 10:00
0 Plays Today
Order of Acquisition Morpheme % Correct
8Articles
90.2%
10Regular 3rd Person Singular Present Tense Verbs
88.1%
6Possesive Marker
85.1%
2On or In
83.9%
3On or in
83.9%
1Present Progressive (-ing)
77.7%
9Regular Past Tense Verbs
77.7%
Order of Acquisition Morpheme % Correct
7Uncontractible Copula
75%
12Uncontractible auxiliary
72.9%
4Regular noun plural
69%
13Contractible copula
67.3%
5Irregular Past Tense Verbs
67%
11Irregular 3rd Person Singular Present Tense Verbs
66.1%
14Contractible auxiliary
63.7%
Remove Ads.
Support Sporcle.
Get the best of Sporcle when you Go Orange. This ad-free experience offers more features, more stats, and more fun while also helping to support Sporcle. Thank you for becoming a member.

You're not logged in!

Compare scores with friends on all Sporcle quizzes.
OR
Log In

Show Comments

Extras

Top Quizzes Today


Score Distribution

Your Account Isn't Verified!

In order to create a playlist on Sporcle, you need to verify the email address you used during registration. Go to your Sporcle Settings to finish the process.

Report this User

Report this user for behavior that violates our Community Guidelines.

Details: